Statistics for Countries That Export the Most Coal

Click here to take the quiz!

General Stats

  • This quiz has been taken 46 times
  • The average score is 9 of 15

Answer Stats

% of World's
Exported Coal
Country% Correct
0.3%China
98%
35.7%Australia
95%
7.9%United States
95%
4.9%Canada
93%
14.3%Russia
93%
21.6%Indonesia
75%
4.9%South Africa
68%
0.7%Poland
58%
0.8%Kazakhstan
55%
3.6%Colombia
48%
0.3%Vietnam
45%
1.5%Mongolia
23%
0.9%Mozambique
18%
0.5%Philippines
18%
0.7%Netherlands
13%

Score Distribution

Percentile by Number Answered

Percent of People with Each Score

Your Score History

You have not taken this quiz